महानिद्रा / (Record no. 114868)

MARC details
000 -LEADER
fixed length control field 00940nam a22002537a 4500
005 - DATE AND TIME OF LATEST TRANSACTION
control field 20170124103015.0
010 ## - LIBRARY OF CONGRESS CONTROL NUMBER
LC control number A-704813
020 ## - INTERNATIONAL STANDARD BOOK NUMBER
Terms of availability 90.00
035 ## - SYSTEM CONTROL NUMBER
System control number A-704813
037 ## - SOURCE OF ACQUISITION
Source of stock number/acquisition Cen Lib/Ret
040 ## - CATALOGING SOURCE
Original cataloging agency DPL
Language of cataloging HN
082 ## - DEWEY DECIMAL CLASSIFICATION NUMBER
Classification number
Item number बिजधा
100 ## - MAIN ENTRY--PERSONAL NAME
Personal name बिजधावने, राधेलाल
9 (RLIN) 40
245 ## - TITLE STATEMENT
Title महानिद्रा /
Statement of responsibility, etc राधेलाल बिजधावने
246 ## - VARYING FORM OF TITLE
Title proper/short title Mahanidra /
Remainder of title by Radhey Lal Bijdhavney
260 ## - PUBLICATION, DISTRIBUTION, ETC. (IMPRINT)
Place of publication, distribution, etc दिल्ली
Name of publisher, distributor, etc नवप्रभात साहित्य
Date of publication, distribution, etc 1995
270 ## - ADDRESS
City दिल्ली
Address C-8/174, यमुना विहार
Postal code 110053
300 ## - PHYSICAL DESCRIPTION
Extent 155पृ.
Dimensions 21सेमी (सजिल्द)
650 ## - SUBJECT ADDED ENTRY--TOPICAL TERM
Topical term or geographic name as entry element हिन्दी साहित्य
9 (RLIN) 58744
650 ## - SUBJECT ADDED ENTRY--TOPICAL TERM
Topical term or geographic name as entry element उपन्यास
9 (RLIN) 58745
650 ## - SUBJECT ADDED ENTRY--TOPICAL TERM
Topical term or geographic name as entry element Hindi literature
9 (RLIN) 58746
650 ## - SUBJECT ADDED ENTRY--TOPICAL TERM
Topical term or geographic name as entry element Fiction
9 (RLIN) 8901
942 ## - ADDED ENTRY ELEMENTS (KOHA)
Source of classification or shelving scheme Dewey Decimal Classification
Koha item type Hindi Books
Classification part
Call number suffix बिजधा
Holdings
Withdrawn status Lost status Damaged status Not for loan Home library Current library Date acquired Source of acquisition Cost, normal purchase price Total Checkouts Full call number Barcode Date last seen Copy number Cost, replacement price Price effective from Koha item type Public note
Written off       Central Library Central Library 18/08/2015 Cen Lib/Ret 90.00   उ बिजधा A-704813 18/08/2015 1 90.00 18/08/2015 Hindi Books Written off on approval by DLB (By Circulation); dtd 15-06-2023

© Delhi Public Library
Hit Counter
free hit counter